000 00458nab a2200145Ia 4500
003 ES-SlBCS
005 20210601131744.0
008 140529s1929 xxu||||| |||| 00| 0 fre d
041 _afre
100 1 _aÉmile, Léonce
_9188621
245 0 0 _aLes droits de la famille et la propriété littéraire
_c Léonce Émile
650 0 4 _aPropiedad Intelectual
_9141657
773 0 _tVie Intelectuelle (La)
_gvol. 2, nº. 8, 1929, págs. 920-927
_wRev907
942 _cAR
999 _c568247
_d568247